000 00934nam a2200253Ia 4500
003 OSt
005 20220918110832.0
006 a|||||r|||| 00| 0
007 ta
008 220915b |||||||| |||| 00| 0 hin d
024 _a221975
037 _cReference Collections
040 _aARTS
_cARTS
_bhin
041 _2hin
_ahin
082 _aO152,1K73:g, L5;P2(RR)
100 _aबुद्धिराजा, राज
_99424
245 0 _aदेव के काव्य में अभिव्यक्ति विधान
246 _aDev ke kāvya mean abhivyakti vidhāna
260 _aनई दिल्ली
_bतक्षशिला प्रका0 भारत
_c2002
300 _a13, 300पृ0
650 _aहिन्दी साहित्य
942 _hO152,1K73:g, L5;P2(RR)
_cREF
999 _c115131
_d115131